一等星の名前 - Statistics

General Stats
  • This quiz has been taken 960 times
  • The average score is 11 of 21
Answer Stats
星座 一等星 等級 % Correct
こと ベガ 0.0
93%
わし アルタイル 0.8
90%
おおいぬ シリウス -1.5
89%
はくちょう デネブ 1.3
87%
オリオン ベテルギウス 0.4
85%
さそり アンタレス 1.1
73%
こいぬ プロキオン 0.3
71%
オリオン リゲル 0.1
64%
おとめ スピカ 1.0
57%
ふたご ポルックス 1.2
53%
おうし アルデバラン 1.0
49%
しし レグルス 1.4
45%
うしかい アークトゥルス -0.0
44%
りゅうこつ カノープス -0.7
43%
ぎょしゃ カペラ 0.1
42%
みなみのうお フォーマルハウト 1.2
36%
ケンタウルス リギル・ケンタウルス -0.1
22%
エリダヌス アケルナル 0.5
20%
みなみじゅうじ アクルックス 0.8
17%
ケンタウルス ハダル 0.6
14%
みなみじゅうじ ミモザ 1.3
14%
No matching quizzes found
Score Distribution
Percent of People with Each Score
Percentile by Number Answered
Your Score History
You have not taken this quiz